| 000 | 01497nam a2200457 i 4500 | ||
|---|---|---|---|
| 001 | 40564 | ||
| 003 | KOSZ 005 | ||
| 005 | 20221025093051.0 | ||
| 008 | 990216s1999 pl a f f |000 0 pol | ||
| 015 | _aPB 1999/3441 | ||
| 020 | _a8320423414 | ||
| 040 |
_aWA N _cWA N _dKOSZ 005/HR |
||
| 041 | 0 | _apol | |
| 046 | _k1999 | ||
| 080 | _a539.3/.6 | ||
| 080 | _a669.017 | ||
| 080 | _a(075.8) | ||
| 100 | 1 |
_aWyrzykowski, Jerzy Witold _eAutor |
|
| 245 | 1 | 0 |
_aOdkształcanie i pękanie metali / _cJerzy W. Wyrzykowski, Edward Pleszakow, Jan Sieniawski. |
| 260 |
_aWarszawa : _bWydawnictwa Naukowo-Techniczne, _c1999. |
||
| 300 |
_a406 s. : _bfot., rys., wykr. ; _c25 cm. |
||
| 336 |
_2rdacontent _aTekst _btxt |
||
| 337 |
_2rdamedia _aBez urządzenia pośredniczącego _bn |
||
| 338 |
_2rdacarrier _aWolumin _bnc |
||
| 380 | _aKsiążki | ||
| 388 | _a1901-2000 | ||
| 388 | _a1989-2000 | ||
| 504 | _aBibliogr. s. 390-402. | ||
| 650 | 4 | _aMetale | |
| 650 | 4 | _aMechanika pękania | |
| 650 | 4 | _aNaprężenia i odkształcenia | |
| 650 | 4 | _aPlastyczność | |
| 650 | 4 | _aPękanie | |
| 655 | 4 | _aPodręczniki akademickie | |
| 658 | _aInżynieria i technika | ||
| 700 | 1 |
_aSieniawski, Jan _eAutor |
|
| 700 | 1 |
_aPleszakow, Edward _eAutor |
|
| 710 | 2 |
_aWydawnictwa Naukowo-Techniczne _4pbl. |
|
| 856 |
_uhttp://koha.tu.koszalin.pl/cgi-bin/koha/opac-detail.pl?biblionumber=40564 _yKatalog online BPK |
||
| 942 |
_2UKD _cKS |
||
| 999 |
_c40564 _d40564 |
||